Państwa w PKO BP Ekstraklasie - Statystyki

Ogólne statystyki
  • Ten quiz został rozwiązany 61 razy
  • Średni wynik to 46 z 66
Statystyki odpowiedzi
Liczba piłkarzy Państwo % Poprawnych
271 Polska
100%
6 Niemcy
96%
11 Ukraina
96%
13 Portugalia
95%
31 Hiszpania
93%
3 Japonia
93%
10 Szwecja
93%
5 Czechy
91%
1 Finlandia
89%
5 Norwegia
89%
11 Słowacja
89%
3 Stany Zjednoczone
89%
1 Austria
87%
9 Brazylia
87%
13 Chorwacja
87%
10 Francja
87%
2 Holandia
87%
3 Belgia
85%
9 Grecja
85%
7 Słowenia
85%
1 Argentyna
84%
2 Białoruś
84%
4 Dania
84%
2 Kanada
84%
3 Rumunia
84%
2 Węgry
84%
1 Łotwa
82%
5 Serbia
82%
2 Anglia
80%
1 Australia
80%
2 Czarnogóra
80%
1 Estonia
80%
3 Kolumbia
80%
6 Bośnia i Hercegowina
76%
5 Szwajcaria
76%
4 Kosowo
75%
1 Nowa Zelandia
75%
3 Bułgaria
71%
2 Islandia
71%
2 Angola
69%
1 Armenia
69%
1 Korea Południowa
69%
4 Nigeria
69%
4 Gruzja
67%
2 Albania
64%
1 Azerbejdżan
62%
3 Cypr
62%
4 Senegal
62%
2 Irak
60%
1 Iran
60%
1 Kongo
60%
1 Honduras
58%
2 Kamerun
55%
1 Ghana
53%
3 Wybrzeże Kości Słoniowej
47%
2 Kenia
45%
2 Gwinea
42%
1 Gambia
40%
1 Madagaskar
38%
1 Zjednoczone Emiraty Arabskie
33%
1 Republika Zielonego Przylądka
29%
1 Wyspy Owcze
29%
1 Gwinea Równikowa
27%
2 Gwinea Bissau
25%
1 Burkina Faso
22%
3 Demokratyczna Republika Kongo
5%
Nie znaleziono quizów pasujących do podanych kryteriów
Rozkład punktacji
Procent ludzi z każdym wynikiem
Percentyl według liczby udzielonych odpowiedzi
Twoja historia wyników
Nie rozwiązałeś tego quizu